The pepper weevil and its management /

Bibliographic Details
Main Author: Riley, David G. (David Gerard), 1957-
Corporate Author: Texas Agricultural Extension Service
Other Authors: Sparks, Alton N.
Format: Government Document Book
Language:English
Published: College Station, Tex. : Texas Agricultural Extension Service, Texas A&M University System, 1995.
Edition:9-95, revision.
Series:Leaflet (Texas Agricultural Extension Service) ; L-5069.
Subjects:

MARC

Tag First Indicator Second Indicator Subfields
LEADER 00000cam a2200000 a 4500
001 in00001342821
005 20151005095729.0
008 951121s1995 txu s000 0 eng d
035 |a (OCoLC)33634101 
035 |9 AHE8978AM 
040 |a IKM  |c IKM  |d IUA  |d TXA  |d UtOrBLW 
049 |a TXAO 
086 |a Z TA245.7 L47 NO.5069 1995  |2 txdocs 
090 |a SB608.P5  |b R55 1995 
100 1 |a Riley, David G.  |q (David Gerard),  |d 1957- 
245 1 4 |a The pepper weevil and its management /  |c David G. Riley and Alton N. Sparks, Jr. 
250 |a 9-95, revision. 
264 1 |a College Station, Tex. :  |b Texas Agricultural Extension Service, Texas A&M University System,  |c 1995. 
300 |a 1 folded sheet (5 pages) :  |b illustrations (some color) ;  |c 28 cm. 
336 |a text  |b txt  |2 rdacontent 
337 |a unmediated  |b n  |2 rdamedia 
338 |a sheet  |b nb  |2 rdacarrier 
490 1 |a L ;  |v -5069 
500 |a Caption title. 
650 0 |a Pepper weevil  |x Control. 
650 0 |a Peppers  |x Diseases and pests  |x Control. 
700 1 |a Sparks, Alton N. 
710 2 |a Texas Agricultural Extension Service. 
830 0 |a Leaflet (Texas Agricultural Extension Service) ;  |v L-5069. 
948 |a Item record attached to ACY9976. 
999 |a MARS 
999 f f |s c6dd2a47-ce02-34ca-9685-00a97c4d5e88  |i 8eefcd35-8bcb-346c-a07f-110fa298b04a  |t 0 
952 f f |p normal  |a Texas A&M University  |b College Station  |c Sterling C. Evans Library  |d Evans: Texas Documents (Annex 5th floor)  |t 0  |e Z TA245.7 L47 NO.5020-5097  |h Superintendent of Documents classification  |i unmediated -- volume  |m A14827984840 
952 f f |a Texas A&M University  |b College Station  |c Sterling C. Evans Library  |d Evans: Texas Documents (Annex 5th floor)  |t 0  |e Z TA245.7 L47 NO.5020-5097  |h Superintendent of Documents classification 
998 f f |a Z TA245.7 L47 NO.5020-5097  |s no.5092-5097  |t 0  |l Evans: Texas Documents (Annex 5th floor)